Escatología
Gorde:
| Egile nagusia: | |
|---|---|
| Formatua: | Liburua |
| Hizkuntza: | gaztelania |
| Argitaratua: |
Salamanca
Ediciones Sígueme
2003
|
| Edizioa: | 2a. ed |
| Saila: | Lux Mundi, 70
|
| Gaiak: | |
| Etiketak: |
Etiketa erantsi
Etiketarik gabe, Izan zaitez lehena erregistro honi etiketa jartzen!
|
MARC
| LEADER | 00000cam a2200000 a 4500 | ||
|---|---|---|---|
| 001 | UCE1446 | ||
| 003 | CL-VaPUC | ||
| 008 | 140414e20030000sp |||||||||||||||||spa|d | ||
| 020 | |a 8430111697 | ||
| 082 | 0 | 4 | |a 236 |b KEH |2 21 |
| 100 | |a Kehl, Medard |e author |9 580891 | ||
| 245 | 1 | 0 | |a Escatología |
| 250 | |a 2a. ed | ||
| 300 | |a 386 p | ||
| 942 | |c BK | ||
| 945 | |d 20140414 |a dcastane | ||
| 260 | |a Salamanca |b Ediciones Sígueme |c 2003 | ||
| 650 | 0 | |a Escatología |9 314395 | |
| 650 | 0 | |a Teología |9 258766 | |
| 583 | |a last modification |c 20140424 11:41:35 |k Rodrigo Vera | ||
| 490 | 0 | |a Lux Mundi, 70 | |
| 999 | |c 355227 |d 355225 | ||
| 952 | |0 0 |1 2 |3 erb |4 0 |6 236_000000000000000_KEH_2003 |7 0 |8 A |9 461777 |a BIBTEO |b BIBTEO |i 5068207 |o 236 KEH 2003 |p 5068207 |r 2019-11-23 |w 2019-11-23 |y BK |z Catalogado en:20140414 |k ICR | ||